00753nam a2200145Ia 4500008004100000020001800041245012600059260002200185440004800207650019300255650002200448856004500470999001900515952007300534171212s9999 xx 000 0 und d a9781921313554 ceditor Huisken, Ron;Thatcher, MeredithaHistory as PolicybFraming the debate on the future of Australia's defence policy bANU E Pressc2007 aStrategic and Defence Studies Centre (SDSC) aAustralia -- Military policy; Australia -- Military policy -- History; Australia -- National security; Australia -- Foreign relations; Australia -- Defenses; Australia -- Strategic aspects aPolitical Science uwww.jstor.org/stable/10.2307/j.ctt24hbvw c351142d351142 001040aCLbCLd2017-12-12l0r2017-12-12 00:00:00w2017-12-12yCBE